[Event "ROM-ch U12"]
[Site "Calimanesti Caciulata"]
[Date "2019.04.17"]
[Round "4"]
[White "Dachi, Mihai Iulian"]
[Black "Pitulice, Lucas Andrei"]
[Result "1/2-1/2"]
[WhiteElo "1102"]
[BlackElo "1003"]
[PlyCount "66"]
[EventDate "2019.04.15"]
[EventType "swiss"]
[EventRounds "9"]
[EventCountry "ROU"]
[SourceTitle "CBM 190 Extra"]
[Source "ChessBase"]
[SourceDate "2019.07.15"]
[SourceVersion "1"]
[SourceVersionDate "2019.07.15"]
[SourceQuality "1"]

1. e4 c5 2. Bc4 Nc6 3. Nf3 g6 4. d3 Bg7 5. 0-0 e6 6. c3 d5 7. Bb5 Nge7 8. Be3 a6 9. Bxc6+ Nxc6 10. Bxc5 b6 11. Ba3 a5 12. Nbd2 b5 13. Bc5 b4 14. d4 bxc3 15. bxc3 e5 16. dxe5 Nxe5 17. Nxe5 Bxe5 18. Rc1 Qc7 19. Ba3 Bxh2+ 20. Kh1 Bd6 21. Bxd6 Qxd6 22. Nc4 Qb8 23. exd5 0-0 24. Rb1 Qf4 25. Nb6 Rb8 26. Nxc8 Rbxc8 27. Qd3 Rc5 28. Rbc1 Rd8 29. c4 Rdc8 30. d6 Rh5+ 31. Qh3 Rxh3+ 32. gxh3 Rxc4 33. d7 Qd4 1/2-1/2